| 000 | 00414nam a2200145Ia 4500 | ||
|---|---|---|---|
| 008 | 150201s2002 xx 000 0 und d | ||
| 082 |
_a610 _bP2002S |
||
| 100 | _aANURAG SHUKLA | ||
| 245 | _aQUICK REVIEW OF AIIMS POSTGRADUATE MEDICAL ENTRANCE EXAMINATION NOV-2002 | ||
| 250 | _a1 | ||
| 260 |
_bARORA MEDICAL BOOKS DISTRIBUTOR _aLUCKNOW _c2002 |
||
| 300 | _a1-116 | ||
| 650 | _aGENERAL DENTISTRY | ||
| 942 |
_2ddc _cBK |
||
| 999 |
_c2794 _d2794 |
||